L'isle joyeuse

Hlavní autor: Debussy, Claude, 1862-1918
Jazyk: Nelze použít, není lingvistický obsah
Vydáno: Kraków : Polskie Wydawnictwo Muzyczne, 1957
Vydání: 1. vyd.
Edice: Miniatury fortepianowe
Fyzický popis: 17 s.
Hudebniny Hudebniny
Uloženo v:
LEADER 00774ncm a22002412a 4500
001 000171861
003 CZ BrMZK
005 20120903153932.0
007 qu
008 960101s1957 pl f zxx d
040 |a BOA001  |b cze 
072 7 |a 786  |x Hudba pro klávesové nástroje  |2 Konspekt  |9 9 
100 1 |a Debussy, Claude,  |d 1862-1918  |7 jn19990001672  |4 cmp 
245 1 0 |a L'isle joyeuse  |h [hudebnina] /  |c Claude Debussy 
250 |a 1. vyd. 
260 |a Kraków :  |b Polskie Wydawnictwo Muzyczne,  |c 1957 
300 |a 17 s. 
490 1 |a Miniatury fortepianowe ;  |v Nr. 42 
830 0 |a Miniatury fortepianowe 
910 |a BOA001  |b Mus4-0470.271 
990 |a MU 
991 |b 201209 
996 6 |b 2619933462  |c Mus4-0470.271  |l MZK  |r Sklad / do 1 hodiny  |n 4  |w 000171861  |u 000010  |a 1  |e BOA001  |j MZK50  |s P